| 000 | 00000nam 2200000zi 4500 |
| 001 | 9.946569 |
| 003 | CaOODSP |
| 005 | 20250107114640 |
| 006 | m o d f |
| 007 | cr |n||||||||| |
| 008 | 250107e197105##oncab o f000 0 eng d |
| 040 | |aCaOODSP|beng|erda|cCaOODSP |
| 043 | |an-cn-nf |
| 086 | 1 |aEn57-46/6E-PDF |
| 100 | 1 |aVerge, R. W., |eauthor. |
| 245 | 10|aClimatic aspects of locating an oil refinery near Come By Chance, Nfld. / |cby R.W. Verge. |
| 264 | 1|aToronto : |bCanadian Meteorological Service, Climatology Division, |cMay 1971. |
| 300 | |a1 online resource (7 pages, 27 unnumbered pages) : |billustrations, map. |
| 336 | |atext|btxt|2rdacontent |
| 337 | |acomputer|bc|2rdamedia |
| 338 | |aonline resource|bcr|2rdacarrier |
| 490 | 0 |aProject report (Canadian Meteorological Service. Climatology Division) ; |vno. 6 |
| 500 | |aDigitized edition from print [produced by Environment and Climate Change Canada]. |
| 650 | 0|aPetroleum refineries|xLocation|zNewfoundland and Labrador|zCome By Chance. |
| 650 | 0|aPetroleum refineries|xEnvironmental aspects|zNewfoundland and Labrador|zCome by Chance. |
| 650 | 0|aAir|xPollution|xMeteorological aspects|zNewfoundland and Labrador|zCome by Chance. |
| 650 | 6|aPétrole|xRaffineries|xLocalisation|zTerre-Neuve-et-Labrador|zCome by Chance. |
| 650 | 6|aPétrole|xRaffineries|xAspect de l'environnement|zTerre-Neuve-et-Labrador|zCome by Chance. |
| 650 | 6|aAir|xPollution|xAspect météorologique|zTerre-Neuve-et-Labrador|zCome by Chance. |
| 651 | 0|aCome By Chance (N.L.)|xClimate. |
| 651 | 6|aCome by Chance (T.-N.-L.)|xClimat. |
| 710 | 2 |aCanadian Meteorological Service.|bClimatology Division, |eissuing body. |
| 856 | 40|qPDF|s39,390 KB|uhttps://publications.gc.ca/collections/collection_2025/eccc/en57/En57-46-6-eng.pdf |